| 000 | 00580nam a2200181Ia 4500 | ||
|---|---|---|---|
| 008 | 151018s9999 xx 000 0 und d | ||
| 082 |
_bRBASDV40797 _a340 |
||
| 100 | _aअभया शेलकर | ||
| 245 | _aवन्यजीव संरक्षण | ||
| 250 | _b1 | ||
| 260 |
_bनाशिक लॉ हाऊस _c2004 |
||
| 300 | _a184 | ||
| 600 | _aअभया शेलकर | ||
| 630 | _aवन्यजीव संरक्षण | ||
| 700 | _aअभया शेलकर | ||
| 730 | _aवन्यजीव संरक्षण | ||
| 942 | _cBOOK | ||
| 999 |
_c1040071 _d1040068 |
||